000 02313nam a2200553 a 4500
001 000044857
003 OSt
005 20210826125354.0
007 ta
008 150114s2014 dr er 001 0 spa d
020 _a9789945580204
040 _aDO-SdBNP
_bspa
_cBNPHU
041 _hspa
082 7 4 _aBNPHU- 346.013
_bP123p
_222
100 1 _aPadilla, Yudelka
_972869
245 1 4 _aLas personas jurídicas naturales y el derecho familiar /
_cYudelka Maribel Padilla Maldonado ; Alexandra Deschamps , diagramación
260 _aSanto Domingo :
_bUAPA,
_c2014.
300 _a327 p. ;
_c26 cm.
490 1 _aAutoaprendizaje
500 _aIncluye datos biográficos de la autora en la solapa de la cubierta
504 _aBibliografía : p. 325-326
505 1 _tIntroducción.-
505 1 _aCapítulo I :
_tLas personas físicas o naturales.-
505 1 _aCapítulo II :
_tEl nombre, el suedónimo y el sobrenombre.-
505 1 _aCapítulo III :
_tEl domicilio.-
505 1 _aCapítulo IV :
_tEl patrimonio.-
505 1 _aCapítulo V :
_tLa capacidad.-
505 1 _aCapítulo VI :
_tEl consejo de familia, la tutela y la curatela.-
505 1 _aCapítulo VII :
_tEl estado civil.-
505 1 _aCapítulo VIII :
_tEl oficial del estado civil y las actas del estado civil.-
505 1 _aCapítulo IX :
_tLa nacionalidad.-
505 1 _aCapítulo X :
_tEl derecho familiar y familia :
505 1 _aCapítulo XI :
_tel matrimonio.-
505 1 _aCapítulo XII :
_tEl divorcio.-
505 1 _aCapítulo XIII :
_tLa filiación. reconocimiento y desconocimiento de la filiación.-
505 1 _aCapítulo XIV :
_tLa adopción.-
505 1 _aCapítulo XV :
_tLa autoridad del padre y de la madre, la guarda y las visitas.-
505 1 _aCapítulo XVI :
_tLa obligación alimenticia.-
505 1 _tRespuestas a los ejercicios de autoevaluación.-
505 1 _tBibliografía general.-
590 _aInventariado,2018/DG
650 4 _aPersonas (derecho)
_972870
650 4 _aPersonalidad (derecho)
_972871
700 _aDeschamps, Alexandra
_ediagramación
_91503
710 2 2 _aUniversidad Abierta para Adultos (Santiago de los Caballeros, Republica Dominicana)
_971401
830 0 _aAutoaprendizaje
_91208
910 _aValidado. Control de calidad MFF
942 _2ddc
_cLBS1
999 _c44346
_d44346